| 000 | 00668nam a2200193Ia 4500 | ||
|---|---|---|---|
| 003 | GCL | ||
| 008 | 140319s9999 xx 000 0 ara d | ||
| 040 |
_aGCL / _cGCL |
||
| 082 | 0 | 4 |
_a239.2 _bاف |
| 100 | 1 | _aاحمد عمر هاشم | |
| 245 | 1 | 0 |
_aفى رياض السيرة النبوية: العهد المكى ج1 / _cاحمد عمر هاشم |
| 300 | _a159 ص | ||
| 490 |
_aالهيئة العامة للاستعلامات _v0 |
||
| 650 | 0 | 4 | _aالسيرة النبوية |
| 650 | 0 | 4 | _aالسيرة النبوية ما بعد فتح مكة |
| 650 | 0 | 4 | _aهجرة الرسول |
| 650 | 0 | 4 | _aالسيرة النبوية - من الميلاد |
| 942 |
_2ddc _cBK |
||
| 999 |
_c49451 _d49451 |
||